00287nmm a2200109 a 4500003000900000005001700009008004100026040001300067100003000080245003500110260003200145AR-BaBNM20251128203135.0054019s1920 ||||||||||||||000 | spa|| cAR-BaBNM1 aColmo, Alfredod1878-193410aDe las obligaciones en general a[S.l.]bJ. Menéndezc1920